000 00456nam a2200181Ia 4500
005 20250923144259.0
008 008 250917s9999 xx 000 0 eng d
037 _aTextual
040 _aDSWL
_beng
_cDSWL
041 _aeng
_2eng
084 _qDSWL
100 _aAmbedkar, B.R
_9823177
245 4 _aThe untouchables
_cby B.R Ambedkar
260 _aNew Delhi
_c1948
300 _a158 p.
942 _cTEXL
999 _c1436949
_d1436949